| 000 | 00920cam a22002294a 4500 | ||
|---|---|---|---|
| 020 | _a0195168070 (acidfree paper) | ||
| 082 | 0 | 0 |
_a658.15 _bNEW _cN-01,P-90 |
| 100 | 1 |
_aNewnan, Donald G. _924913 |
|
| 245 | 1 | 0 |
_aEngineering economic analysis / _cDonald G. Newnan, Ted G. Eschenbach, Jerome P. Lavelle. |
| 250 | _a9th ed. | ||
| 260 |
_aNew York : _bOxford University Press, _c2004. |
||
| 300 |
_axx, 598 p. : _bill. ; _c24 cm. _e+ 1 CD-ROM (4 3/4 in.) |
||
| 526 |
_a0 _b0 _c0 _d658_150000000000000_NEW |
||
| 526 |
_a0 _b0 _c0 _d658_150000000000000_NEW |
||
| 650 | 0 | _aEngineering economy. | |
| 700 | 1 |
_aEschenbach, Ted. _936210 |
|
| 700 | 1 |
_aLavelle, Jerome P. _924917 |
|
| 856 | 4 | 1 | _uhttp://www.loc.gov/catdir/enhancements/fy0615/2003064973-t.html |
| 856 | 4 | 2 | _uhttp://www.loc.gov/catdir/enhancements/fy0615/2003064973-d.html |
| 856 | 4 | 2 | _uhttp://www.loc.gov/catdir/enhancements/fy0723/2003064973-b.html |
| 942 |
_2ddc _cBK |
||
| 999 |
_c548768 _d548768 |
||